• 首页
  • 本馆介绍
  • 公告通知
  • 最新文献
  • 馆藏检索
  • 电子资源
  • 读者导购
  • 参考咨询
  • 我的图书馆
  • 登录
  • 详细信息显示
  • 放入我的书架
  • 预约/预借图书
  • 作者相关作品
  • 分类相关作品
  • 丛书相关作品
  • 出版社相关作品

书目信息

  • 表格格式
  • 工作单格式
  • 卡片格式
题名:
方程论初步
    
 
作者: 余元庆 编著
分册:  
出版信息: 上海   上海教育出版社  1978
页数: 109页
开本: 19cm
丛书名:
单 册:
中图分类: O151.1 , O122.6
科图分类:
主题词: 代数方程 , 初等数学
电子资源:
ISBN:
000 00639nam0 2200253 45
001 0179002202
005 20040519173245.9
010    @dCNY0.26
091    @a7150.1921
100    @a19950726e19791964em y0chiy0121 ea
101 0  @achi
102    @aCN@b310000
105    @ay z 000yy
106    @ar
200 10 @a方程论初步@Afang cheng lun chu bu@f余元庆编著
210    @a上海@c上海教育出版社@d1978
215    @a109页@d19cm
606    @a代数方程
606 0  @a初等数学
690    @aO151.1@v3
690    @aO122.6
701  0 @a余元庆@Ayu yuan qing@4编著
801  0 @aCN@bNLC@c20040519
905    @f1@b8144@f1@b8141@f1@b2717@dO122.6@e45
    
    方程论初步/余元庆编著.-上海:上海教育出版社,1978
    109页;19cm
    
    
    ISBN :CNY0.26
    
●
相关链接 在E读中查询图书 在五车中查询图书 在当当中查询图书 在豆瓣中查询图书


正题名:方程论初步     索取号:O122.6/45         预约/预借

序号 登录号 条形码 馆藏地/架位号 状态 备注
1 0008141   001244040   第三借阅区/ [索取号:O122.6/45] 在馆    
2 0008144   001244022   第三借阅区/ [索取号:O122.6/45] 在馆    
唐山师范学院图书馆 欢迎您!
大连网信软件有限公司© 版权所有